Normal view
MARC view
- إعداد الدائرة القانونية بأمانة عمان الكبرى
Entry Personal Name
001 - CONTROL NUMBER
- control field: 47186
003 - CONTROL NUMBER IDENTIFIER
- control field: JO-AjAnu
005 - DATE AND TIME OF LATEST TRANSACTION
- control field: 20230606081807.0
008 - FIXED-LENGTH DATA ELEMENTS
- fixed length control field: 230606|| aca||aabn | a|a d
040 ## - CATALOGING SOURCE
- Original cataloging agency: JO-AjAnu
- Transcribing agency: JO-AjAnu
100 ## - HEADING--PERSONAL NAME
- Personal name: إعداد الدائرة القانونية بأمانة عمان الكبرى
670 ## - SOURCE DATA FOUND
- Source citation: Work cat.: (JO-AjAnu)24149: إعداد الدائرة القانونية بأمانة عمان الكبرى, author, مجموعة القوانين والأنظمة الخاصة بأمانة عمان الكبرى